Berlin Alexanderplatz / (Record no. 57409)

MARC details
000 -LEADER
campo de control de longitud fija 00651nam a2200217 i 4500
001 - NÚMERO DE CONTROL
campo de control 57409
003 - IDENTIFICADOR DE NÚMERO DE CONTROL
campo de control ES-MaACL
005 - FECHA Y HORA DE LA ÚLTIMA TRANSACCIÓN
campo de control 20250526173556.0
007 - CAMPO FIJO DE DESCRIPCIÓN FÍSICA--INFORMACIÓN GENERAL
campo de control de longitud fija t|
008 - DATOS DE LONGITUD FIJA--INFORMACIÓN GENERAL
campo de control de longitud fija 031016s1982 sp ||||1| spa d
100 1# - ENTRADA PRINCIPAL--NOMBRE DE PERSONA
Nombre de persona Döblin, Alfred,
Fechas asociadas al nombre 1878-1957
9 (RLIN) 44938
245 10 - MENCIÓN DEL TÍTULO
Título Berlin Alexanderplatz /
Mención de responsabilidad, etc. Alfred Döblin ; traducción de Miguel Sèz.
250 ## - MENCION DE EDICION
Mención de edición [1ª ed.].
260 ## - PUBLICACIÓN, DISTRIBUCIÓN, ETC.
Lugar de publicación, distribución, etc. [Barcelona] :
Nombre del editor, distribuidor, etc. Bruguera,
Fecha de publicación, distribución, etc. [1982]
300 ## - DESCRIPCIÓN FÍSICA
Extensión 488 p. ;
Dimensiones 19 cm.
490 1# - MENCIÓN DE SERIE
Mención de serie Narradores de hoy
700 1# - ENTRADA AGREGADA--NOMBRE PERSONAL
Nombre de persona Sáenz, Miguel,
Fechas asociadas al nombre 1932-
9 (RLIN) 101299
830 0# - PUNTO DE ACCESO ADICIONAL DE SERIE-TÍTULO UNIFORME
Título uniforme Narradores de hoy
9 (RLIN) 182895
852 ## - LOCALIZACIÓN
Ubicación ES-MaACL
Número de control de estantería L-3527
Sublocalización o colección R.104244
Holdings
Estatus retirado Estado de pérdida Estado de daño No para préstamo Biblioteca de origen Biblioteca actual Ubicación en estantería Fecha de adquisición Fuente de adquisición Total de préstamos Signatura topográfica completa Código de barras Visto por última vez Precio de reemplazo Tipo de ítem Koha
        Biblioteca del Ateneo de Madrid Biblioteca del Ateneo de Madrid Depósito 2 17/01/2008     L-3527 1060271 23/02/2023 23/02/2023 Libro impreso